000 00480nam a2200169 a 4500
001 0000-8711
003 ELIB.Books
008 110520 1979
035 _a(ELIB.Books)0000-8857
082 _aR
_bKit
100 _aKittel, Gerhard
245 _aTheological Dictionary of the New Testament (vol-I)
260 _bGrand Rapids: Wm. B. Eerdmans Publishing Co.
_c1979
650 _aReference
942 _2ddc
_cBK
998 _cbat
_e2011-05-20
_mcat
_u2020-05-25
999 _c8711
_d8711